|
|
|
|
| LEADER |
00000nab a2200000 a 4500 |
| 001 |
vtls000241137 |
| 003 |
SK-MaSNL |
| 005 |
20260303222713.0 |
| 008 |
160204c1985 xo 0 slo |
| 015 |
|
|
|a SNBRA19rr/mm-uuuuu
|
| 035 |
|
|
|a CL0251251
|
| 040 |
|
|
|a SNKBUCL
|b slo
|c SNKBUCL
|e AACR2
|
| 041 |
0 |
|
|a slo
|
| 044 |
|
|
|a xo
|c SK
|
| 080 |
|
|
|a 631.51:633.11
|2 1981
|
| 080 |
|
|
|a 633.11
|2 1981
|
| 080 |
|
|
|a 631.51
|2 1981
|
| 080 |
|
|
|a 631.584.2
|2 1981
|
| 100 |
1 |
|
|a Cigľár, Jozef,
|d 1936-2000
|4 aut
|9 5309
|
| 245 |
1 |
0 |
|a Vplyv predplodiny a rôzneho spôsobu obrábania pôdy na rastový a produkčný proces ozimnej pšenice
|c Jozef Cigľar, Jozef Smatana
|
| 300 |
|
|
|b Res. rus., angl., lit. 14 zázn.
|
| 650 |
0 |
7 |
|a agrotechnika
|2 snkbucl
|9 680
|
| 650 |
0 |
7 |
|a ozimná pšenica
|2 snkbucl
|9 28625
|
| 655 |
|
7 |
|a články zo zborníkov
|2 snkbucl
|9 166140
|
| 700 |
1 |
|
|a Smatana, Jozef,
|d 1954-
|4 aut
|9 193078
|
| 773 |
0 |
|
|t Agrobiologické aspekty racionalizácie rastlinnej výroby 2
|d Nitra : ES VŠP, 1985
|g S. 70-77
|
| 850 |
|
|
|a Slovenská národná knižnica v Martine
|a MTA001
|
| 852 |
|
|
|a SNK
|b KIS3GCP
|
| 958 |
|
|
|a NB
|
| 958 |
|
|
|a RK
|
| 992 |
|
|
|a RZB
|
| 999 |
|
|
|c 2242921
|d 2244851
|